00446nam a2200121Ia 4500008004100000020002200041245004400063260002700107300002600134650002500160999001900185952012000204200924s9999 xx 000 0 und d a978-130-730-937-9 aManagerial economics business strategy/ aUS:bMcGraw Hillc2018 aiv, 311 pagesc25 cm. aManagerial economics c364485d364485 001040aCLbCLcRESd2020-09-24eLibrary fundl0oHD 30.22 .M266 2018pC22594r2020-09-24 00:00:00w2020-09-24yBK